Central Library OPAC University of Rajshahi

The Indus Rivers : (Record no. 64665)

MARC details
000 -LEADER
fixed length control field 00709nam a2200229 a 4500
001 - CONTROL NUMBER
control field 64665
003 - CONTROL NUMBER IDENTIFIER
rucl marc code BD-RjUL
005 - DATE AND TIME OF LATEST TRANSACTION
control field 20211209081331.0
008 - FIXED-LENGTH DATA ELEMENTS--GENERAL INFORMATION
fixed length control field 170219s1967 e 001 0 eng
035 ## - SYSTEM CONTROL NUMBER
System control number (BD-RjUL)64795
040 ## - CATALOGING SOURCE
Original cataloging agency DLC
Transcribing agency DLC
Modifying agency BD-RjUL
Language of cataloging eng
041 ## - LANGUAGE CODE
Language code of text/sound track or separate title eng
082 ## - DEWEY DECIMAL CLASSIFICATION NUMBER
Edition number 23
Classification number 333.9100954
Author mark and year MII 1967
100 1# - MAIN ENTRY--PERSONAL NAME
Personal name Michel, Aloys Arthur.
9 (RLIN) 191725
245 14 - TITLE STATEMENT
Title The Indus Rivers :
Remainder of title a study of the effects of partition /
Statement of responsibility, etc. Aloys Arthur Michel,
260 ## - PUBLICATION, DISTRIBUTION, ETC. (IMPRINT)
Place of publication, distribution, etc. London :
Name of publisher, distributor, etc. Yale University Press,
Date of publication, distribution, etc. c1967.
300 ## - PHYSICAL DESCRIPTION
Pagination xxv, 595 p. :
Illustrations ill. ;;
Size 24 cm.
500 ## - GENERAL NOTE
General note Include index
650 ## - SUBJECT ADDED ENTRY--TOPICAL TERM
Topical term or geographic name as entry element Water resources development
9 (RLIN) 174707
Topical term or geographic name as entry element Asia--Indus River Valley
9 (RLIN) 191726
942 ## - ADDED ENTRY ELEMENTS (KOHA)
Source of classification or shelving scheme Dewey Decimal Classification
Koha item type Books
Holdings
Lost status Source of classification or shelving scheme Damaged status Not for loan Collection code Permanent Location Current Location Shelving location Date acquired Source of acquisition Cost, normal purchase price Total Checkouts Full call number Date last seen Copy number Koha item type
  Dewey Decimal Classification   Not For Loan Non-fiction Central Library, University of Rajshahi Central Library, University of Rajshahi Reading Room 10/07/1969 Zeitlinger 112.06   333.9100954 MII 1967 19/02/2017 C-1 Books